000 00564nam a2200181Ia 4500
008 090124s9999 xx 000 0 und d
082 _b126108
100 _aजाधव नरेंद्र
245 _a आमचा बाप आन् आम्ही
250 _a1
260 _c1993
300 _a190
600 _aजाधव नरेंद्र
630 _a आमचा बाप आन् आम्ही
700 _aजाधव नरेंद्र
730 _a आमचा बाप आन् आम्ही
942 _cBOOK
999 _c172198
_d172198